Language Quiz

Random Language or Letter Quiz
Score 0/26 Timer 04:00
0 Plays Today
Letter 5-Letter Word % Correct
Llunch
96.8%
AAllah
96.1%
Ppunch
95.6%
EEarth
95.3%
Ssouth
94.6%
OOprah
94%
IIrish
93.8%
Ddough
93.4%
Ttooth
92.7%
Hhatch
92.6%
Fflash
92%
KKeith
91.2%
Yyouth
88.3%
Letter 5-Letter Word % Correct
JJonah
86.3%
Zzilch
82.2%
Rroach
78.7%
Vvouch
71.8%
Cconch
67.2%
Wwrath
66.5%
Bbooth
65.7%
Qquash
58.7%
Mmirth
52%
UUriah
50.9%
Nnymph
42.7%
Ggulch
40.1%
XXanth
12.9%
Remove Ads.
Support Sporcle.
Get the best of Sporcle when you Go Orange. This ad-free experience offers more features, more stats, and more fun while also helping to support Sporcle. Thank you for becoming a member.

You're not logged in!

Compare scores with friends on all Sporcle quizzes.
OR
Log In

Show Comments

Extras

Top Quizzes Today


Score Distribution

Your Account Isn't Verified!

In order to create a playlist on Sporcle, you need to verify the email address you used during registration. Go to your Sporcle Settings to finish the process.

Report this User

Report this user for behavior that violates our Community Guidelines.

Details: